Rozpočet verejnej správy Slovenskej republiky – od adolescencie k dospelosti

Vychádzajúc z jednoduchých počtov na rok 2023 bude Ministerstvo financií Slovenskej republiky predkladať na schválenie návrh rozpočtu verejnej správy na trojročné obdobie a to a roky 2023 – 2025 (kĺzavo od roku 2005 – 2007) v poradí už devätnásťkrát. To znamená, že v období od vstupu Slovenska do E...

Descrizione completa

Salvato in:
Dettagli Bibliografici
Autore principale: Beličková, Kornélia, 1966-
Natura: Capitolo di libro
Lingua:slovacco
Soggetti:
Tags: Aggiungi Tag
Nessun Tag, puoi essere il primo ad aggiungerne!!

MARC

LEADER 00000naa a2200000 4500
001 0289369
005 20260205074106.6
041 0 |a slo 
044 |a SK 
245 1 0 |a Rozpočet verejnej správy Slovenskej republiky – od adolescencie k dospelosti  |c Kornélia Beličková 
520 |a Vychádzajúc z jednoduchých počtov na rok 2023 bude Ministerstvo financií Slovenskej republiky predkladať na schválenie návrh rozpočtu verejnej správy na trojročné obdobie a to a roky 2023 – 2025 (kĺzavo od roku 2005 – 2007) v poradí už devätnásťkrát. To znamená, že v období od vstupu Slovenska do Európskej únie tento rozpočet dospel. Dospel číslami, vekom, ale či je zrelý byť lídrom hospodárskeho vedenia krajiny – byť súčasťou strategického nástroja v rukách vlády – je otázkou pre širokú odbornú verejnosť. V príspevku prinášame pohľad na jeho kreovanie a pôsobenie v podmienkach Slovenska na prelome storočí a tisícročí. 
610 2 0 |a financie verejné 
610 2 0 |a správa verejná 
610 2 0 |a rozpočty 
610 2 0 |a reformy 
610 2 0 |a Slovensko 
100 1 |a Beličková, Kornélia, 1966-